Guess the Fusion Rock Song Lyrics #95 - Statistics

General Stats
  • This quiz has been taken 16 times
    13 since last reset
  • The average score is 282 of 391
Answer Stats
Answer % Correct
in
100%
a
90%
A
90%
for
90%
love
90%
You
90%
you
90%
your
90%
all
80%
and
80%
And
80%
are
80%
but
80%
go
80%
is
80%
Like
80%
like
80%
make
80%
me
80%
of
80%
on
80%
the
80%
The
80%
we
80%
you're
80%
do
70%
eyes
70%
feelin
70%
have
70%
her
70%
it's
70%
lookin
70%
many
70%
Oh
70%
oh
70%
says
70%
she
70%
then
70%
Then
70%
things
70%
to
70%
Too
70%
up
70%
wants
70%
When
70%
You've
70%
you've
70%
10cc
60%
Agree
60%
answer
60%
break
60%
disagree
60%
down
60%
dyin
60%
gone
60%
gonna
60%
got
60%
had
60%
just
60%
made
60%
nowhere
60%
out
60%
part
60%
there's
60%
think
60%
yeah
60%
after
50%
away
50%
hand
50%
pay
50%
price
50%
rain
50%
snow
50%
walkin
50%
would
50%
bets
40%
broken
40%
compromise
40%
drifted
40%
fallen
40%
hearts
40%
help
40%
phone
40%
river
40%
sea
40%
situation
40%
surely
40%
Ah
30%
Communication
30%
crawlin
30%
lay
30%
lines
30%
lonely
30%
number
30%
Ooo
30%
problem
30%
wall
30%
souls
20%
turned
20%
weather's
20%
No matching quizzes found
Score Distribution
Percent of People with Each Score
Percentile by Number Answered
Your Score History
You have not taken this quiz since the last reset